The evidence for the resurrection. (Record no. 7583)

000 -LEADER
fixed length control field 00579nam a2200181 a 4500
001 - CONTROL NUMBER
control field :::00005344$&:&@@
003 - CONTROL NUMBER IDENTIFIER
control field OkBaRHE
005 - DATE AND TIME OF LATEST TRANSACTION
control field 20000607103325.0
008 - FIXED-LENGTH DATA ELEMENTS--GENERAL INFORMATION
fixed length control field s1960 j 000 0 eng u
040 ## - CATALOGING SOURCE
Transcribing agency
100 1# - MAIN ENTRY--PERSONAL NAME
Personal name Anderson, J. N. D.
245 14 - TITLE STATEMENT
Title The evidence for the resurrection.
260 ## - PUBLICATION, DISTRIBUTION, ETC. (IMPRINT)
Place of publication, distribution, etc London, UK:EN., :
Name of publisher, distributor, etc Messrs. Green and Co.
Date of publication, distribution, etc 1960
300 ## - PHYSICAL DESCRIPTION
Extent 16 p. ;
Dimensions 18 cm.
650 ## - SUBJECT ADDED ENTRY--TOPICAL TERM
Topical term or geographic name as entry element Jesus Christ Resurrection
General subdivision Addresses, Essays, Lectures
942 ## - ADDED ENTRY ELEMENTS (KOHA)
Source of classification or shelving scheme
Koha item type Books
Copies
Not for loan Barcode Koha item type Withdrawn status Date last seen Full call number Permanent Location Date acquired Lost status Price effective from Copy number Source of classification or shelving scheme Damaged status Shelving location
 5344Books 2010-04-14BT 481 .A5RHEMA Bible Training College2010-04-14 2010-04-141  General Stacks